Keep up the Act (Record no. 66663)

MARC details
000 -LEADER
fixed length control field 00907cam a2200193 4500
001 - CONTROL NUMBER
control field ABS63726
008 - FIXED-LENGTH DATA ELEMENTS--GENERAL INFORMATION
fixed length control field 000000n2001 000 0 eng u
035 ## - SYSTEM CONTROL NUMBER
System control number (Sirsi) u111860
100 ## - MAIN ENTRY--PERSONAL NAME
Personal name Dear, B.
245 ## - TITLE STATEMENT
Title Keep up the Act
260 ## - PUBLICATION, DISTRIBUTION, ETC.
Date of publication, distribution, etc. 2001
490 ## - SERIES STATEMENT
Series statement Estates Gazette
Volume/sequential designation (0113) 31 March 2001, 146(1)
520 ## - SUMMARY, ETC.
Summary, etc. Sets out and counters a number of arguments suggesting the Landlord and Tenant Act 1954 is in need of an overhaul. Criticisms of the Act that are addressed include the following: it discourages development; favours old-fashioned buildings and affects the commercial mobility of a tenant and its employees; Scottish businesses function without it; the opting out procedure calls into question the reason for the Act's existence.
590 ## - LOCAL NOTE (RLIN)
Local note ABS
650 ## - SUBJECT ADDED ENTRY--TOPICAL TERM
Topical term or geographic name entry element LANDLORD AND TENANT ACT 1954
650 ## - SUBJECT ADDED ENTRY--TOPICAL TERM
Topical term or geographic name entry element REFORM
690 ## - LOCAL SUBJECT ADDED ENTRY--TOPICAL TERM (OCLC, RLIN)
Topical term or geographic name as entry element LANDLORD AND TENANT-BUSINESS TENANCIES
942 ## - ADDED ENTRY ELEMENTS (KOHA)
Suppress in OPAC 0
Holdings
Withdrawn status Lost status Source of classification or shelving scheme Damaged status Not for loan Home library Current library Shelving location Date acquired Total Checkouts Full call number Barcode Date last seen Copy number Price effective from Koha item type
    Dewey Decimal Classification     London London Journal article 05/04/2001   ABS63726 111860-1001 06/08/2019 1 06/08/2019 Journal article